00833 2200265 4500001002100000005001500021035002000036007000300056008004100059245011600100260003400216300004300250082002000293084002600313020002200339650001100361650002400372650002200396650001900418856003500437250000600472700002500478110004800503990001600551INLIS00000000000110820250617101822 a0010-0625000017ta250617 g 0 ind 1 aProspek Pengembangan Jagung :bMendukung Swasembada Pangan Sulawesi Utara /cJantje G. Kindangen et al (Editor) aJakarta :bIAARD Press,c2018 aviii+ 307 hlm. :bill. ;c17,5 x 24 cm a633.15 (594.21) a633.15 (594.21) BAD p a978-602-344-236-4 4aPangan 4aPengembangan Jagung 4aSwasembada Pangan 4aSulawesi Utara aPerpustakaan Sekretariat BRMP a10 aKindangen, Jantje G.0 aBADAN Penelitian dan Pengembangan Pertanian a3235/2025/B